| 000 | 00652nam a2200217Ia 4500 | ||
|---|---|---|---|
| 003 | OSt | ||
| 005 | 20230403111510.0 | ||
| 008 | 210423s2009 xx 000 0 und d | ||
| 020 | _a978-81-317-1431-7 | ||
| 040 | _cAL | ||
| 041 | _aeng | ||
| 082 |
_a658.4038 _223 _bLAUM |
||
| 100 |
_aLAUDON (Kenneth C);LAUDON (Jan P) _982445 |
||
| 245 | _aManagement information systems: managing the digital firm Ed 10 | ||
| 250 | _a10 | ||
| 260 |
_aDelhi _bPearson Education Pvt Ltd _c2009 |
||
| 300 |
_a731 _bPB |
||
| 650 |
_aExecutive Management _982446 |
||
| 906 | _a10 ; digital ; firm ; information ; Management ; managing ; systems: | ||
| 942 |
_2ddc _cBK |
||
| 999 |
_c169069 _d169069 |
||